| 000 | 00582nam a22001817a 4500 | ||
|---|---|---|---|
| 005 | 20251108165239.0 | ||
| 008 | 250721s1988 xx 000 0 ara d | ||
| 082 | 1 | 4 | _a956.05/أحم |
| 100 | 1 | _aالعبادي، أحمد مختار | |
| 245 | 1 | 0 | _aفي تاريخ المغرب و الأندلس / |
| 264 | 1 |
_aالإسكندرية : _bمؤسسة الثقافة الجامعية، _c1988. |
|
| 300 | _a394ص | ||
| 650 | 1 | 7 | _aتاريخ الأندلس |
| 650 | 1 | 7 | _aالحضارة الإسلامية |
| 650 | 1 | 7 | _aالعباسيون 750-1258 |
| 942 |
_2ddc _cBK |
||
| 999 |
_c23144 _d23144 |
||